Geography Quiz

Random Geography or City Quiz

US Cities with Most Sister Cities Quiz Stats

Quiz not verified by Sporcle

Challenge
Share
Tweet
Embed
Score 0/0 Timer 00:00
0 Plays Today
# of sister cities US city % Correct
10New York, New York
97.6%
24Los Angeles, California
95%
29Chicago, Illinois
91%
20Miami, Florida
88.6%
14San Francisco, California
85.6%
16Houston, Texas
82.5%
21Seattle, Washington
82.3%
15San Diego, California
81.6%
12Washington, D.C.
78.8%
11Philadelphia, Pennsylvania
78.6%
18Atlanta, Georgia
75.5%
21Cleveland, Ohio
72.2%
10Denver, Colorado
70.7%
10New Orleans, Louisiana
70.7%
17Pittsburgh, Pennsylvania
69.8%
11St. Louis, Missouri
69.4%
11Baltimore, Maryland
67.8%
10San Jose, California
61.1%
# of sister cities US city % Correct
13Kansas City, Missouri
60%
10Jacksonville, Florida
58.9%
11Austin, Texas
55.6%
12Buffalo, New York
53%
26Oakland, California
51.6%
10St. Paul, Minnesota
45.7%
15Birmingham, Alabama
35.9%
10Hartford, Connecticut
32.2%
11Tucson, Arizona
31.9%
10Rochester, New York
28.7%
10Long Beach, California
23.9%
15Mobile, Alabama
21.4%
11Tacoma, Washington
18.4%
17Fort Lauderdale, Florida
14.4%
25Laredo, Texas
13.3%
16Berkeley, California
9%
10San Bernardino, California
8.8%
19Beaufort, North Carolina
1.8%

You're not logged in!

Compare scores with friends on all Sporcle quizzes.
Sign Up with Email
OR
Log In

You Might Also Like...

Show Comments

Extras

Top Quizzes Today


Score Distribution

Your Account Isn't Verified!

In order to create a playlist on Sporcle, you need to verify the email address you used during registration. Go to your Sporcle Settings to finish the process.

Report this User

Report this user for behavior that violates our Community Guidelines.

Details: